000 00378cam a2200169ua 4500
020 _c2.50
041 _ahin
_h
082 _a891.54
_bJAY/EK
100 _aJayant, Negi.
245 _aEk insan /
_cJayanth.
_hTextual Documents
260 _a :
_bRajpal and Sanch ,
_c1962.
300 _a162 ; .
365 _a2.50
504 _a
942 _cBK
999 _c11351
_d11351